| 000 | 01079 a2200169 4500 | ||
|---|---|---|---|
| 003 | Nust | ||
| 005 | 20221118084902.0 | ||
| 040 | _cNust | ||
| 082 | _a621.38,RAM | ||
| 100 |
_aRamabhadran S _957784 |
||
| 245 |
_aProblems & Solutions in Electronics & communication engineering / _cS. Ramabhadran |
||
| 260 |
_aNew Delhi _bsatya parakashan _c1993 |
||
| 300 | _ax, 824p | ||
| 505 | _aCircuit theory (Page-1), Attenuators and Filters (Page-49), Transmission Lines and Wave Guides (Page-66), Vacuum and Gas Devices and Circuits (Page-119), Semiconductor Physics and Integrated Circuits (Page-211), Junction Diodes (Page-229), Bipolar Transistor Circuits (Page-237), Rectifiers Regulators and Control Circuits (Page-431), Switching Logic and Computer Circuits (Page-452), Field Effect Transistors and Circuits (Page-612), Acoustics and Electro-acoustics (Page-676), Noise Considerations (Page-699), Antennae and Radiation (Page-710), E. M. Wave Propagation (Page-720), Communication Theory (Page-727). | ||
| 650 |
_aProblems & Solutions in Electronics _9102997 |
||
| 942 |
_2ddc _cBK |
||
| 999 |
_c191018 _d191018 |
||